00526nam a2200205Ia 4500003000400000005001700004008004100021020001800062040000700080041001200087082002200099100002200121245003900143260004100182300003300223365001400256650001300270650001500283700002200298OSt20250721171900.0210423s2010 xx 000 0 und d a9781412954594 cAL aEnglish a070.449796 bHUNE aHeather L Hundley aExamining identity in sports media aLos AngelesbSage Publicationsc2010 aviii,279p.bHBc23.5x15.5cm. b3450cINR aFeatures aJournalism aBillngs, Andrew C